Flag of country that start in T - Statistics

General Stats
  • This quiz has been taken 23 times
  • The average score is 10 of 11
Answer Stats
Picture Answer % Correct
Thailand
100%
Trinidad and Tobago
100%
Turkey
100%
Turkmenistan
100%
Tajikistan
95%
Tonga
95%
Tuvalu
95%
Tanzania
90%
Togo
90%
Tunisia
90%
Timor leste
60%
No matching quizzes found
Score Distribution
Percent of People with Each Score
Percentile by Number Answered
Your Score History
You have not taken this quiz